000 00266nam a22001217a 4500
008 170130b xxu||||| |||| 00| 0 eng d
041 _aeng
080 _a61
100 _a3
101 _aSHMI
245 _aPRION BIOLOGY AND DISEASES
_cPRUSINER, S.B
942 _2udc
_cBK
999 _c3981
_d3981